000 00877nam a2200217 i 4500
001 21434
003 ES-MaACL
005 20250809062546.0
007 t|
008 021125q1862 sp ||||1| spa d
080 _a340.12
100 1 _aAlcalá Galiano, Antonio,
_d1789-1865
_919459
245 1 0 _aDiscurso leído por Don Antonio Alcalá Galiano, académico de número, sobre los principios tradicional y racional, y sus respectivas ventajas y desventajas.
260 _a[Madrid :
_bAcademia de Ciencias Morales y Políticas,
_c1862]
300 _a[17]-54 p. ;
_c24 cm.
505 8 _aContiene: Discurso, p. [17]-38 . Donativos de libros de los señores académicos de número, p. [39]-54
650 4 _aDerecho-
_xFilosofía
_911620
710 2 _aReal Academia de Ciencias Morales y Políticas (España)
_9222050
852 4 _aES-MaACL
_jT-61-F-8
999 _c21434
_d21434